| 000 | 00616nam a2200133Ia 4500 | ||
|---|---|---|---|
| 008 | 220620s9999||||xx |||||||||||||| ||und|| | ||
| 022 | _a14394111 | ||
| 100 | _aKidanemariam, Aman Ghebremichael | ||
| 245 | 4 | _aThe formation of patterns in subaqueous sediment | |
| 546 | _aEnglish[eng] | ||
| 650 | _aGeschiebetransport||HochleistungsrechnenComputational Fluid Dynamics||High Performance Computing||Direkte Numerische Simulation||Turbulente Strömung||Turbulent Flows||Numerische Strömungsmechanik||Sediment Transport||Direct Numerical Simulation | ||
| 856 | _uhttps://www.ksp.kit.edu/9783731505327 | ||
| 942 | _cEB | ||
| 999 |
_c30824 _d30824 |
||